Guess the Celebrity by their Picture #13 - Statistics

General Stats
  • This quiz has been taken 205 times
  • The average score is 6 of 15
Answer Stats
Picture Answer % Correct
Jennifer Aniston
91%
Dwayne Johnson
84%
Ryan Gosling
68%
Amy Winehouse
63%
Jason Statham
47%
Gigi Hadid
46%
Janet Jackson
41%
Rebel Wilson
41%
Rita Ora
37%
Janis Joplin
21%
Elizabeth Banks
16%
Karan Brar
14%
Lara Fabian
6%
Louis Chevrolet
3%
Dimash
1%
No matching quizzes found
Score Distribution
Percent of People with Each Score
Percentile by Number Answered
Your Score History
You have not taken this quiz